[Event "EU-Cup (Women) 26th"]
[Site "Mayrhofen"]
[Date "2022.10.08"]
[Round "6.4"]
[White "Vardi, Shlomit"]
[Black "Wu, Min"]
[Result "1-0"]
[WhiteElo "1769"]
[BlackElo "1934"]
[PlyCount "143"]
[EventDate "2022.10.03"]
[EventType "team-swiss"]
[EventRounds "7"]
[EventCountry "AUT"]
[SourceTitle "CBM 210 Extra"]
[Source "ChessBase"]
[SourceDate "2022.11.30"]
[SourceVersion "1"]
[SourceVersionDate "2022.11.30"]
[SourceQuality "1"]
[WhiteTeam "Rishon Le Zion (W)"]
[BlackTeam "Zell/Zillertal (W)"]
[WhiteTeamCountry "ISR"]
[BlackTeamCountry "AUT"]

1. e4 e5 2. Nf3 Nc6 3. Bc4 Nf6 4. d3 Bc5 5. c3 a6 6. Bb3 Ba7 7. 0-0 0-0 8. Re1 d6 9. Nbd2 Ng4 10. Rf1 Kh8 11. h3 Nh6 12. Nc4 f5 13. exf5 Nxf5 14. Ne3 Nh4 15. Nh2 Ng6 16. Nd5 Be6 17. Qh5 Rf5 18. Qd1 Na5 19. Ne3 Nxb3 20. axb3 Rf7 21. Nf3 Nf4 22. h4 h6 23. Kh2 Qf6 24. d4 e4 25. Nd2 Qxh4+ 26. Kg1 Nd3 27. g3 Qe7 28. Nxe4 Nxc1 29. Rxc1 Bh3 30. Qd3 Bxf1 31. Rxf1 Re8 32. Nd2 c6 33. Qg6 d5 34. Kg2 Qf6 35. Qh5 Bb8 36. Nf3 Kg8 37. Nd2 Re6 38. b4 Qg6 39. Qh3 Re8 40. Nf3 Qe4 41. Qg4 Ref8 42. Qxe4 dxe4 43. Nd2 Re8 44. Re1 g6 45. Ng4 Kg7 46. Nxe4 h5 47. Nh2 Rf5 48. Nf3 a5 49. bxa5 Rxa5 50. b4 Ra2 51. Nfg5 Bc7 52. Nf3 Kh6 53. Re3 Re7 54. Nfg5 b6 55. Rf3 Re2 56. Nf7+ Kg7 57. Neg5 Rc2 58. b5 cxb5 59. d5 Rd2 60. Ne6+ Kg8 61. Nfg5 Rxe6 62. dxe6 Re2 63. Rf6 Bd8 64. Rxg6+ Kf8 65. Kf1 Rc2 66. Ne4 Be7 67. f4 b4 68. cxb4 Rc4 69. Ng5 Bxb4 70. f5 Rc5 71. f6 Rf5+ 72. Kg2 1-0

[Event "AUT-chT (Women) 1819"]
[Site "Austria"]
[Date "2019.01.18"]
[Round "3.2"]
[White "Wu, Min"]
[Black "Trippold, Denise"]
[Result "1/2-1/2"]
[WhiteElo "1931"]
[BlackElo "2212"]
[PlyCount "71"]
[EventDate "2018.11.17"]
[EventType "team-swiss"]
[EventRounds "7"]
[EventCountry "AUT"]
[SourceTitle "CBM 189 Extra"]
[Source "ChessBase"]
[SourceDate "2019.06.03"]
[SourceVersion "1"]
[SourceVersionDate "2019.06.03"]
[SourceQuality "1"]
[WhiteTeam "Mayrhofen/Zillertal (W)"]
[BlackTeam "Baden (W)"]
[WhiteTeamCountry "AUT"]
[BlackTeamCountry "AUT"]

1. e4 e6 2. d3 d5 3. Qe2 Ne7 4. Nf3 c5 5. g3 Nbc6 6. Bg2 g6 7. 0-0 Bg7 8. Nbd2 0-0 9. Re1 b6 10. h4 h6 11. Nf1 Ba6 12. e5 Nd4 13. Nxd4 cxd4 14. Bf4 Nc6 15. Nh2 g5 16. hxg5 hxg5 17. Bd2 Nxe5 18. Qh5 Qf6 19. Bxg5 Qg6 20. Qxg6 Nxg6 21. a4 Rfc8 22. Re2 Rc6 23. b4 b5 24. Ng4 bxa4 25. Rxa4 Bb5 26. Ra2 Rc7 27. f4 Ne7 28. Nf6+ Kf8 29. g4 Nc6 30. Rb2 Nd8 31. f5 Rac8 32. Kf2 Ba4 33. Nh7+ Kg8 34. Nf6+ Kf8 35. Nh7+ Kg8 36. Nf6+ 1/2-1/2

[Event "AUT-chT (Women) 1819"]
[Site "Austria"]
[Date "2018.11.17"]
[Round "1.2"]
[White "Wu, Min"]
[Black "Tscharnuter, Alexandra"]
[Result "1-0"]
[WhiteElo "1931"]
[BlackElo "1743"]
[PlyCount "87"]
[EventDate "2018.11.17"]
[EventType "team-swiss"]
[EventRounds "7"]
[EventCountry "AUT"]
[SourceTitle "CBM 187 Extra"]
[Source "ChessBase"]
[SourceDate "2018.11.04"]
[SourceVersion "1"]
[SourceVersionDate "2018.11.04"]
[SourceQuality "1"]
[WhiteTeam "Mayrhofen/Zillertal (W)"]
[BlackTeam "Feffernitz (W)"]
[WhiteTeamCountry "AUT"]
[BlackTeamCountry "AUT"]

1. e4 e5 2. Nf3 Nc6 3. Nc3 Nf6 4. d4 exd4 5. Nxd4 Nxd4 6. Qxd4 d6 7. Be2 Be7 8. Bf4 Be6 9. 0-0-0 0-0 10. Kb1 a6 11. Nd5 Nxd5 12. exd5 Bf6 13. Qd2 Bd7 14. h4 Be5 15. Bg5 Bf6 16. Qf4 Re8 17. Bg4 Bxg4 18. Qxg4 c6 19. f4 Re4 20. Qf5 cxd5 21. Rxd5 Qe7 22. Rhd1 Re6 23. Qd3 h6 24. Bxf6 Qxf6 25. f5 Re5 26. Rxd6 Qxf5 27. Rd8+ Rxd8 28. Qxd8+ Kh7 29. Qd2 Qe4 30. a3 Qxh4 31. Rf1 Qe7 32. Qd3+ Kg8 33. Rd1 Re2 34. g4 Qe4 35. Qb3 Re3 36. Qb6 Qxg4 37. Rd8+ Kh7 38. Qxe3 h5 39. Rd4 Qc8 40. Qg5 g6 41. Rd6 Qc4 42. Qf6 Qc8 43. Qxf7+ Kh8 44. Rxg6 1-0

[Event "AUT-ch"]
[Site "Vienna"]
[Date "2018.07.29"]
[Round "9"]
[White "Berger, Tobias"]
[Black "Wu, Min"]
[Result "1/2-1/2"]
[WhiteElo "1957"]
[BlackElo "1944"]
[PlyCount "139"]
[EventDate "2018.07.22"]
[EventType "swiss"]
[EventRounds "9"]
[EventCountry "AUT"]
[SourceTitle "CBM 185 Extra"]
[Source "ChessBase"]
[SourceDate "2018.07.29"]
[SourceVersion "1"]
[SourceVersionDate "2018.07.29"]
[SourceQuality "1"]

1. d4 Nf6 2. c4 g6 3. Nc3 Bg7 4. e4 d6 5. Nf3 0-0 6. Be2 Na6 7. 0-0 e5 8. Re1 c6 9. Be3 Ng4 10. Bg5 Qc7 11. h3 exd4 12. Nxd4 Qb6 13. Bxg4 Bxg4 14. hxg4 Bxd4 15. Be3 Bxe3 16. Rxe3 Rad8 17. Qd2 Nc5 18. Rh3 f6 19. Rd1 a5 20. b3 Qc7 21. Re3 Qc8 22. f3 Rfe8 23. Ne2 Qe6 24. Qxa5 Qe5 25. Qc3 Kg7 26. b4 Na6 27. Red3 Qxc3 28. Nxc3 Nxb4 29. Rxd6 Rxd6 30. Rxd6 Re7 31. Rd2 Kf7 32. Na4 Na6 33. a3 Ke6 34. Kf2 h6 35. g3 Rh7 36. f4 h5 37. f5+ gxf5 38. exf5+ Ke5 39. Re2+ Kd4 40. Re6 hxg4 41. Rxf6 Rh2+ 42. Kg1 Rh3 43. Kg2 Rh7 44. Rg6 Ke5 45. f6 Rf7 46. Rxg4 Rxf6 47. Rg7 Kd4 48. c5 Nxc5 49. Nxc5 Kxc5 50. Rxb7 Kd4 51. Rb6 Kc5 52. Rb4 Rf8 53. Rf4 Ra8 54. a4 Kd5 55. a5 c5 56. Ra4 c4 57. Kf2 Kd4 58. Ke2 Kc3 59. a6 Kb3 60. Ra5 c3 61. Kd1 Rf8 62. Rb5+ Kc4 63. Rb7 Rf1+ 64. Ke2 Ra1 65. Rc7+ Kd4 66. Rd7+ Ke4 67. Re7+ Kd4 68. Rd7+ Ke4 69. Re7+ Kd4 70. Rd7+ 1/2-1/2

[Event "AUT-chT (Women) 1718"]
[Site "Austria"]
[Date "2018.04.08"]
[Round "9.1"]
[White "Wu, Min"]
[Black "Moerwald, Magdalena"]
[Result "1/2-1/2"]
[WhiteElo "1941"]
[BlackElo "1742"]
[PlyCount "64"]
[EventDate "2017.11.24"]
[EventType "team-tourn"]
[EventRounds "9"]
[EventCountry "AUT"]
[SourceTitle "EXT 2019"]
[Source "ChessBase"]
[SourceDate "2018.10.10"]
[SourceVersion "1"]
[SourceVersionDate "2018.10.10"]
[SourceQuality "1"]
[WhiteTeam "Mayrhofen/Zillertal (W)"]
[BlackTeam "Wulkaprodersdorf (W)"]
[WhiteTeamCountry "AUT"]
[BlackTeamCountry "AUT"]

1. Nf3 Nf6 2. g3 g6 3. b3 Bg7 4. Bb2 0-0 5. Bg2 d5 6. 0-0 c5 7. d4 cxd4 8. Nxd4 Nc6 9. Nxc6 bxc6 10. Qc1 Bb7 11. Nd2 Rc8 12. c4 Qd7 13. Qc2 Rfd8 14. e3 e6 15. Rfd1 Qe7 16. Rac1 Ne8 17. Bxg7 Nxg7 18. Qb2 Nf5 19. e4 dxe4 20. Nxe4 e5 21. c5 Ba6 22. Bh3 Rb8 23. Bxf5 gxf5 24. Nd6 Qe6 25. Re1 f6 26. Qc2 e4 27. Qd2 Qe5 28. Qa5 Rxd6 29. Qxa6 Rd2 30. Qxc6 Rxa2 31. Qd6 Qxd6 32. cxd6 Rd2 1/2-1/2

[Event "AUT-chT (Women) 1718"]
[Site "Austria"]
[Date "2018.04.06"]
[Round "7.1"]
[White "Rozman, Monika"]
[Black "Wu, Min"]
[Result "1-0"]
[WhiteElo "2049"]
[BlackElo "1941"]
[PlyCount "61"]
[EventDate "2017.11.24"]
[EventType "team-tourn"]
[EventRounds "9"]
[EventCountry "AUT"]
[SourceTitle "EXT 2019"]
[Source "ChessBase"]
[SourceDate "2018.10.10"]
[SourceVersion "1"]
[SourceVersionDate "2018.10.10"]
[SourceQuality "1"]
[WhiteTeam "Feffernitz (W)"]
[BlackTeam "Mayrhofen/Zillertal (W)"]
[WhiteTeamCountry "AUT"]
[BlackTeamCountry "AUT"]

1. e4 g6 2. d4 Bg7 3. Nc3 d6 4. Nf3 Nf6 5. Be2 0-0 6. 0-0 a6 7. a4 Nc6 8. h3 e5 9. dxe5 dxe5 10. Bg5 h6 11. Qxd8 Rxd8 12. Bxf6 Bxf6 13. Nd5 Bg7 14. Nxc7 Rb8 15. Rad1 Nd4 16. Nxd4 exd4 17. Nd5 b5 18. Ne7+ Kf8 19. Nc6 Bb7 20. Nxd8 Rxd8 21. axb5 axb5 22. Bd3 Bc6 23. Ra1 Be5 24. Ra6 Rc8 25. f4 Bb8 26. h4 Ke7 27. e5 Kd7 28. f5 Bxe5 29. fxg6 fxg6 30. Bxg6 Ra8 31. Rxc6 1-0

[Event "Innsbruck op-A 1st"]
[Site "Innsbruck"]
[Date "2017.08.29"]
[Round "5"]
[White "Villa, Giorgio"]
[Black "Wu, Min"]
[Result "1-0"]
[WhiteElo "2011"]
[BlackElo "1892"]
[PlyCount "113"]
[EventDate "2017.08.25"]
[EventType "swiss"]
[EventRounds "9"]
[EventCountry "AUT"]
[SourceTitle "CBM 180 Extra"]
[Source "ChessBase"]
[SourceDate "2017.10.06"]
[SourceVersion "1"]
[SourceVersionDate "2017.10.06"]
[SourceQuality "1"]

1. d4 Nf6 2. Nf3 e6 3. c4 Bb4+ 4. Nbd2 0-0 5. a3 Be7 6. e4 d5 7. e5 Nfd7 8. Qc2 c5 9. cxd5 exd5 10. Bd3 g6 11. h4 cxd4 12. e6 Nc5 13. exf7+ Rxf7 14. Ne5 Nxd3+ 15. Qxd3 Rf5 16. Ndf3 Nc6 17. Nxc6 bxc6 18. Nxd4 Re5+ 19. Be3 Qb6 20. Kf1 a5 21. Kg1 Bf6 22. Rc1 Bd7 23. Qd2 Re4 24. Nf3 Rb8 25. Nd4 Rxh4 26. Rxh4 Bxh4 27. Bf4 Rc8 28. Re1 Qd8 29. Ne6 Qf6 30. Ng5 Re8 31. Rxe8+ Bxe8 32. Nf3 Qd8 33. Nxh4 Qxh4 34. Qe3 Qd8 35. Qe6+ Bf7 36. Qxc6 Qe8 37. Qc1 h5 38. Bd2 a4 39. Bc3 Kh7 40. Qf4 Qe6 41. Qxa4 Qe4 42. Qa7 Qf4 43. Qb6 Qc1+ 44. Kh2 Qf4+ 45. g3 Qf5 46. Qd4 Kh6 47. a4 Be6 48. a5 Bc8 49. Qe3+ g5 50. Qb6+ Be6 51. Qd4 Qf7 52. a6 h4 53. gxh4 gxh4 54. Qxh4+ Qh5 55. Qxh5+ Kxh5 56. a7 d4 57. a8Q 1-0

[Event "Innsbruck op-A 1st"]
[Site "Innsbruck"]
[Date "2017.08.28"]
[Round "4"]
[White "Wu, Min"]
[Black "Schnabl, Andreas"]
[Result "0-1"]
[WhiteElo "1892"]
[BlackElo "2067"]
[PlyCount "72"]
[EventDate "2017.08.25"]
[EventType "swiss"]
[EventRounds "9"]
[EventCountry "AUT"]
[SourceTitle "CBM 180 Extra"]
[Source "ChessBase"]
[SourceDate "2017.10.06"]
[SourceVersion "1"]
[SourceVersionDate "2017.10.06"]
[SourceQuality "1"]

1. e4 e5 2. Nf3 Nc6 3. Bc4 Nf6 4. d3 Bc5 5. c3 d6 6. 0-0 Bg4 7. Nbd2 Qd7 8. b4 Bb6 9. a4 a5 10. b5 Ne7 11. Qb3 Ng6 12. d4 0-0 13. Re1 Rae8 14. Bd3 Nf4 15. Qc2 N6h5 16. Bf1 f5 17. Nc4 Nh3+ 18. Kh1 fxe4 19. Nxb6 cxb6 20. Ng5 Nxf2+ 21. Kg1 h6 22. Bc4+ d5 23. Nxe4 Nxe4 24. Bb3 Kh8 25. Be3 Nhf6 26. dxe5 Rxe5 27. Bxb6 Rf5 28. Qd3 Rc8 29. Rac1 Qd6 30. Bxa5 Nf2 31. Qd4 Rf4 32. Qe3 Re8 33. Qa7 N6e4 34. Bc7 Qxc7 35. Rc2 Nd3 36. Re3 Qf7 0-1

[Event "AUT-ch (Women)"]
[Site "Graz"]
[Date "2017.08.18"]
[Round "7"]
[White "Ragger, Anna Christina"]
[Black "Wu, Min"]
[Result "1-0"]
[WhiteElo "2282"]
[BlackElo "1892"]
[PlyCount "137"]
[EventDate "2017.08.12"]
[EventType "swiss"]
[EventRounds "9"]
[EventCountry "AUT"]
[SourceTitle "CBM 180 Extra"]
[Source "ChessBase"]
[SourceDate "2017.10.06"]
[SourceVersion "1"]
[SourceVersionDate "2017.10.06"]
[SourceQuality "1"]

1. d4 d6 2. e4 g6 3. Be3 Bg7 4. Nc3 Nf6 5. Qd2 a6 6. f3 b5 7. a4 b4 8. Nd1 a5 9. Bd3 c6 10. Bh6 Bxh6 11. Qxh6 Nbd7 12. Ne2 e5 13. Ne3 Ng8 14. Qg7 Qf6 15. Qxf6 Ngxf6 16. Nc4 Ke7 17. dxe5 dxe5 18. Nc1 Ba6 19. Nb3 Bxc4 20. Bxc4 Nb6 21. Bd3 Nh5 22. g3 f6 23. Kd2 Rhd8 24. Ke3 Ng7 25. c3 bxc3 26. bxc3 Ne6 27. Rhb1 Rdb8 28. Ra2 Nd7 29. Rab2 Nec5 30. Nxc5 Rxb2 31. Rxb2 Nxc5 32. Rb6 Kd6 33. Bb5 Rc8 34. Kd2 Kd7 35. Bc4 Kc7 36. Rb2 Nxa4 37. Ra2 Nb6 38. Bb3 Ra8 39. f4 Kd6 40. Ra1 Ra7 41. h4 a4 42. Bg8 Rg7 43. Ba2 Nd7 44. Ke3 Nc5 45. Rd1+ Kc7 46. Bc4 Re7 47. f5 gxf5 48. exf5 Rg7 49. Rg1 h6 50. g4 Kb6 51. Kf3 Kc7 52. Rg2 Nb7 53. Ra2 Nc5 54. Rg2 Kd8 55. Rg1 Ke8 56. Rg2 a3 57. Ra2 Ra7 58. Re2 Ra4 59. Ba2 Nd3 60. g5 fxg5 61. hxg5 hxg5 62. Bb3 Ra5 63. Rh2 Nc1 64. Rh8+ Ke7 65. Rh7+ Kf8 66. Be6 a2 67. f6 e4+ 68. Ke3 Re5 69. Rh8# 1-0

[Event "AUT-ch (Women)"]
[Site "Graz"]
[Date "2017.08.17"]
[Round "6"]
[White "Hapala, Elisabeth"]
[Black "Wu, Min"]
[Result "0-1"]
[WhiteElo "2075"]
[BlackElo "1892"]
[PlyCount "68"]
[EventDate "2017.08.12"]
[EventType "swiss"]
[EventRounds "9"]
[EventCountry "AUT"]
[SourceTitle "CBM 180 Extra"]
[Source "ChessBase"]
[SourceDate "2017.10.06"]
[SourceVersion "1"]
[SourceVersionDate "2017.10.06"]
[SourceQuality "1"]

1. e4 e6 2. d4 d5 3. Nd2 c5 4. exd5 Qxd5 5. Ngf3 cxd4 6. Bc4 Qd8 7. 0-0 Nc6 8. Nb3 a6 9. Nbxd4 Nxd4 10. Nxd4 Qc7 11. Bb3 Bd6 12. h3 Ne7 13. c3 0-0 14. Bc2 b5 15. Qh5 Ng6 16. Nf3 Qc5 17. Ng5 h6 18. Qf3 Rb8 19. Ne4 Qc7 20. Nxd6 Qxd6 21. Be3 Bb7 22. Qg4 e5 23. Rad1 Qf6 24. Rd2 Rbd8 25. Rfd1 Rxd2 26. Rxd2 Nf4 27. Bxf4 exf4 28. f3 Bc8 29. Qh5 Qe7 30. Be4 f5 31. Bd5+ Kh7 32. Kf1 g6 33. Re2 Qxe2+ 34. Kxe2 gxh5 0-1

[Event "AUT-ch (Women)"]
[Site "Graz"]
[Date "2017.08.16"]
[Round "5"]
[White "Wu, Min"]
[Black "Trippold, Denise"]
[Result "0-1"]
[WhiteElo "1892"]
[BlackElo "2078"]
[PlyCount "88"]
[EventDate "2017.08.12"]
[EventType "swiss"]
[EventRounds "9"]
[EventCountry "AUT"]
[SourceTitle "CBM 180 Extra"]
[Source "ChessBase"]
[SourceDate "2017.10.06"]
[SourceVersion "1"]
[SourceVersionDate "2017.10.06"]
[SourceQuality "1"]

1. e4 c5 2. Nf3 e6 3. d4 cxd4 4. Nxd4 Nc6 5. Nc3 Qc7 6. f4 a6 7. Nxc6 Qxc6 8. Bd3 Bc5 9. Qe2 b5 10. Bd2 Bb7 11. 0-0-0 Ne7 12. a3 b4 13. axb4 Bxb4 14. Rhe1 Rc8 15. f5 e5 16. g4 Qc5 17. Nb1 Nc6 18. Bxb4 Nxb4 19. Na3 Na2+ 20. Kd2 Nc3 21. Qe3 Nxd1 22. Qxc5 Rxc5 23. Rxd1 d5 24. exd5 Rxd5 25. Ke2 Ke7 26. Rg1 Rhd8 27. Ke3 Rd4 28. Nc4 f6 29. g5 fxg5 30. Nxe5 h6 31. Nf3 Bxf3 32. Kxf3 Rxd3+ 33. cxd3 Rxd3+ 34. Ke4 Rb3 35. Rg2 Rb4+ 36. Kd5 Rb5+ 37. Kc6 Rxf5 38. h4 Kf6 39. hxg5+ Rxg5 40. Rd2 Re5 41. Rh2 h5 42. b4 Kg5 43. Ra2 h4 44. Kb6 Rb5+ 0-1

[Event "AUT-ch (Women)"]
[Site "Graz"]
[Date "2017.08.12"]
[Round "1"]
[White "Wu, Min"]
[Black "Novkovic, Julia"]
[Result "1-0"]
[WhiteElo "1892"]
[BlackElo "2159"]
[PlyCount "61"]
[EventDate "2017.08.12"]
[EventType "swiss"]
[EventRounds "9"]
[EventCountry "AUT"]
[SourceTitle "CBM 180 Extra"]
[Source "ChessBase"]
[SourceDate "2017.10.06"]
[SourceVersion "1"]
[SourceVersionDate "2017.10.06"]
[SourceQuality "1"]

1. Nf3 Nf6 2. g3 d5 3. Bg2 Bg4 4. 0-0 Qc8 5. c4 dxc4 6. Qa4+ c6 7. Qxc4 Be6 8. Qh4 h6 9. d3 Rg8 10. Qa4 Nbd7 11. Nc3 Nb6 12. Qc2 Bh3 13. e4 Bxg2 14. Kxg2 g5 15. a4 e6 16. d4 Be7 17. a5 Nbd7 18. b3 Bb4 19. Bb2 a6 20. Ra4 Be7 21. Rc1 Nh5 22. e5 Nf8 23. Ne4 f5 24. exf6 Nxf6 25. Nxf6+ Bxf6 26. d5 g4 27. Bxf6 gxf3+ 28. Kxf3 exd5 29. Re1+ Kf7 30. Rf4 Ng6 31. Bd4+ 1-0

[Event "AUT-chT (Women) 1617"]
[Site "Austria"]
[Date "2017.03.25"]
[Round "4.2"]
[White "Wu, Min"]
[Black "Froewis, Annika"]
[Result "0-1"]
[WhiteElo "1948"]
[BlackElo "2070"]
[PlyCount "112"]
[EventDate "2017.01.14"]
[EventType "team-tourn"]
[EventRounds "11"]
[EventCountry "AUT"]
[SourceTitle "EXT 2018"]
[Source "ChessBase"]
[SourceDate "2017.10.13"]
[SourceVersion "1"]
[SourceVersionDate "2017.10.13"]
[SourceQuality "1"]
[WhiteTeam "Mayrhofen/Zillertal (W)"]
[BlackTeam "Dornbirn (W)"]
[WhiteTeamCountry "AUT"]
[BlackTeamCountry "AUT"]

1. e4 e5 2. Nf3 Nc6 3. d4 exd4 4. Nxd4 Nf6 5. Nxc6 bxc6 6. e5 Qe7 7. Qe2 Nd5 8. Nd2 g6 9. Ne4 Bg7 10. c4 Ba6 11. Bg5 Qb4+ 12. Qd2 Bxe5 13. Qxb4 Nxb4 14. 0-0-0 Bc8 15. Nf6+ Kf8 16. Bh6+ Ke7 17. Ng4 f6 18. Nxe5 fxe5 19. a3 Na6 20. Bg7 Re8 21. Bxe5 d6 22. Bc3 Rf8 23. Bd4 c5 24. Be3 Bf5 25. Bd3 Bxd3 26. Rxd3 Kd7 27. Rd5 Kc6 28. h4 Nb8 29. h5 Nd7 30. Rd2 Ne5 31. b3 a5 32. hxg6 hxg6 33. Rh4 Rab8 34. Rb2 Nd3+ 35. Kc2 Nxb2 36. Kxb2 a4 37. b4 cxb4 38. axb4 Rxb4+ 39. Ka3 Rb3+ 40. Ka2 Rfb8 41. c5 Rb2+ 42. Ka3 R8b3+ 43. Kxa4 Rb8 44. Ka3 R2b3+ 45. Ka2 R3b4 46. Rxb4 Rxb4 47. cxd6 cxd6 48. Ka3 Rb7 49. g4 Kd5 50. Bf4 Kc5 51. Bd2 Kd4 52. Ka2 Kd3 53. Bg5 d5 54. Bf6 Ke4 55. g5 d4 56. Ka3 d3 0-1

[Event "Wch U18 Girls"]
[Site "Khanty-Mansiysk"]
[Date "2016.09.23"]
[Round "2"]
[White "Wu, Min"]
[Black "Marjina, Arina"]
[Result "0-1"]
[WhiteElo "1996"]
[BlackElo "2076"]
[PlyCount "114"]
[EventDate "2016.09.22"]
[EventType "swiss"]
[EventRounds "11"]
[EventCountry "RUS"]
[SourceTitle "EXT 2017"]
[Source "ChessBase"]
[SourceDate "2016.10.25"]
[SourceVersion "1"]
[SourceVersionDate "2016.10.25"]
[SourceQuality "1"]

1. e4 c5 2. Nf3 d6 3. d4 cxd4 4. Nxd4 Nf6 5. Nc3 a6 6. h3 e6 7. g4 b5 8. Bg2 Bb7 9. 0-0 h6 10. Re1 e5 11. Nf5 g6 12. Ne3 Nbd7 13. Ned5 Nxd5 14. Nxd5 Nb6 15. Nxb6 Qxb6 16. Be3 Qc7 17. Qd2 h5 18. g5 Be7 19. Rad1 0-0 20. f4 Rac8 21. c3 exf4 22. Bxf4 Qc5+ 23. Kh1 Rcd8 24. Qe3 Rfe8 25. Qg3 Bf8 26. Rd4 Re6 27. Kh2 Rde8 28. h4 a5 29. Qd3 Rd8 30. Bh3 Ree8 31. Qg3 b4 32. Qd3 bxc3 33. bxc3 Bg7 34. Bg2 Bxd4 35. cxd4 Qc8 36. Bh3 Qa8 37. Bg2 d5 38. e5 Ba6 39. Qf3 Bc4 40. a3 Qa7 41. Qf2 Rc8 42. Bh3 Rc6 43. e6 fxe6 44. Be5 Qf7 45. Bf6 Bd3 46. Kg1 Bf5 47. Bf1 Rc2 48. Re2 Rec8 49. Qe1 R2c3 50. Rb2 Qc7 51. Be5 Rc1 52. Qd2 Qc4 53. Qg2 Bd3 54. Rf2 Bxf1 55. Rxf1 Rxf1+ 56. Qxf1 Qxf1+ 57. Kxf1 Rc3 0-1

[Event "Wch U18 Girls"]
[Site "Khanty-Mansiysk"]
[Date "2016.09.22"]
[Round "1"]
[White "Khomeriki, Nino"]
[Black "Wu, Min"]
[Result "1/2-1/2"]
[WhiteElo "2357"]
[BlackElo "1996"]
[PlyCount "145"]
[EventDate "2016.09.22"]
[EventType "swiss"]
[EventRounds "11"]
[EventCountry "RUS"]
[SourceTitle "EXT 2017"]
[Source "ChessBase"]
[SourceDate "2016.10.25"]
[SourceVersion "1"]
[SourceVersionDate "2016.10.25"]
[SourceQuality "1"]

1. Nf3 d5 2. g3 Nf6 3. Bg2 Bf5 4. c4 e6 5. Qb3 Na6 6. d3 Nc5 7. Qc2 h6 8. 0-0 Be7 9. b4 Ncd7 10. cxd5 Nxd5 11. Bb2 N7f6 12. e4 Nxb4 13. Qa4+ b5 14. Qxb5+ c6 15. Qa4 Bg4 16. Bc3 Qb6 17. Na3 Qa6 18. Qxa6 Nxa6 19. Nc4 0-0 20. Nfe5 Bb4 21. Rfc1 Be2 22. Nxc6 Bc5 23. N4e5 Rac8 24. Bf1 Bxf1 25. Kxf1 Rfe8 26. Ke2 h5 27. Rab1 Ng4 28. Nxg4 hxg4 29. Ne5 f5 30. Nc4 Red8 31. Be5 Nb4 32. d4 Be7 33. a3 Nc6 34. a4 Nxd4+ 35. Ke3 Bc5 36. Bxd4 Rxd4 37. Ke2 Rxe4+ 38. Ne3 Rc7 39. Rb8+ Kh7 40. Rb5 Bb6 41. Rxc7 Bxc7 42. Rb7 Bb6 43. a5 Bxa5 44. Rxa7 Bb6 45. Ra6 Bc5 46. Rc6 Bxe3 47. fxe3 Kg6 48. Kf2 Kf6 49. Rc5 Ra4 50. Rc2 g5 51. Rb2 Ke5 52. Ke2 Ke4 53. Rc2 e5 54. Rb2 f4 55. gxf4 gxf4 56. exf4 Kxf4 57. Kf2 e4 58. Kg2 Rd4 59. Rf2+ Ke3 60. Kg3 Rd2 61. Rf8 Kd3 62. Rd8+ Ke2 63. Re8 e3 64. Kxg4 Rd4+ 65. Kg3 Rd7 66. h4 Rg7+ 67. Kf4 Kf2 68. h5 e2 69. Kf5 e1Q 70. Rxe1 Kxe1 71. h6 Rh7 72. Kg6 Rxh6+ 73. Kxh6 1/2-1/2

[Event "Wch U18 Girls"]
[Site "Porto Carras"]
[Date "2015.10.25"]
[Round "1"]
[White "Derakhshani, Dorsa"]
[Black "Wu, Min"]
[Result "1-0"]
[WhiteElo "2356"]
[BlackElo "1945"]
[PlyCount "73"]
[EventDate "2015.10.25"]
[EventType "swiss"]
[EventRounds "11"]
[EventCountry "GRE"]
[SourceTitle "CBM 169 Extra"]
[Source "ChessBase"]
[SourceDate "2015.12.18"]
[SourceVersion "1"]
[SourceVersionDate "2015.12.18"]
[SourceQuality "1"]

1. e4 e5 2. Nf3 Nc6 3. d4 exd4 4. Nxd4 Nf6 5. Nxc6 bxc6 6. Qe2 d5 7. exd5+ Be7 8. dxc6 0-0 9. Qd3 Qe8 10. Be2 Qxc6 11. Bf3 Qe6+ 12. Qe3 Rb8 13. Qxe6 Bxe6 14. 0-0 Nd5 15. c3 Bf6 16. Nd2 Bg5 17. Rd1 Rfd8 18. Nb3 Bf6 19. Nd4 Rb6 20. Nxe6 fxe6 21. c4 Nb4 22. Rxd8+ Bxd8 23. Be3 Ra6 24. Bb7 Ra5 25. Bc8 e5 26. Be6+ Kf8 27. Bd2 c5 28. a3 Ra6 29. Bc8 Rc6 30. axb4 Rxc8 31. Rxa7 Be7 32. b5 Rd8 33. Be1 Rd1 34. Kf1 Rb1 35. b4 cxb4 36. b6 Bc5 37. Ra8+ 1-0

[Event "EU-chT U18 Girls"]
[Site "Karpacz"]
[Date "2015.07.18"]
[Round "6.7"]
[White "Wu, Min"]
[Black "Kubicka, Anna"]
[Result "0-1"]
[WhiteElo "1936"]
[BlackElo "2012"]
[PlyCount "64"]
[EventDate "2015.07.13"]
[EventType "team-swiss"]
[EventRounds "7"]
[EventCountry "POL"]
[SourceTitle "EXT 2017"]
[Source "ChessBase"]
[SourceDate "2016.10.25"]
[SourceVersion "1"]
[SourceVersionDate "2016.10.25"]
[SourceQuality "1"]
[WhiteTeam "Austria U18 Girls"]
[BlackTeam "Poland U18 Girls II"]
[WhiteTeamCountry "AUT"]
[BlackTeamCountry "POL"]

1. e4 d6 2. d4 Nf6 3. Nc3 Nbd7 4. Nf3 e5 5. g4 Nxg4 6. Rg1 Ngf6 7. Bc4 h6 8. Be3 c6 9. Qd3 b5 10. Bb3 Qa5 11. 0-0-0 Ba6 12. dxe5 dxe5 13. Ne2 c5 14. c4 b4 15. Nh4 g6 16. f4 0-0-0 17. fxe5 Nxe5 18. Qc2 Be7 19. Bf4 Nfg4 20. h3 Bxh4 21. hxg4 Bg5 22. Kb1 Nf3 23. Rgf1 Rxd1+ 24. Rxd1 Rd8 25. Rd6 Bxf4 26. Rxd8+ Qxd8 27. Nxf4 Qd4 28. Ne2 Qe3 29. Qd1 Nd2+ 30. Ka1 Nxe4 31. Ba4 Nd2 32. Qh1 Qf3 0-1

[Event "EU-chT U18 Girls"]
[Site "Karpacz"]
[Date "2015.07.16"]
[Round "4.9"]
[White "Wu, Min"]
[Black "Heinemann, Josefine"]
[Result "0-1"]
[WhiteElo "1936"]
[BlackElo "2286"]
[PlyCount "50"]
[EventDate "2015.07.13"]
[EventType "team-swiss"]
[EventRounds "7"]
[EventCountry "POL"]
[SourceTitle "EXT 2017"]
[Source "ChessBase"]
[SourceDate "2016.10.25"]
[SourceVersion "1"]
[SourceVersionDate "2016.10.25"]
[SourceQuality "1"]
[WhiteTeam "Austria U18 Girls"]
[BlackTeam "Germany U18 Girls"]
[WhiteTeamCountry "AUT"]
[BlackTeamCountry "GER"]

1. e4 c5 2. Nf3 d6 3. d4 cxd4 4. Nxd4 Nf6 5. Nc3 a6 6. Be2 e5 7. Nb3 Be6 8. Be3 Be7 9. 0-0 0-0 10. a4 Nc6 11. Qd2 Rc8 12. Rfd1 Nb4 13. Rac1 d5 14. exd5 Nbxd5 15. Nxd5 Nxd5 16. Bf3 Nxe3 17. Qxe3 Qc7 18. Bd5 Bg4 19. Bf3 Bxf3 20. Qxf3 Bg5 21. Nd2 Rfd8 22. Qe2 Rd7 23. c3 Rcd8 24. Rc2 Qd6 25. Kf1 Qg6 0-1